Sanat - "Sitkeä sydän" - Juha Tapio - Statistics

Yleistilastot
  • Tätä visaa on pelattu 263 kertaa
  • Keskiarvotulos 92 / 130
Vastaustilastot
Vastaus % Oikein
joka
98%
sitkeä
98%
lyö
97%
on
97%
sydän
97%
94%
sinulla
93%
valo
93%
sinussa
92%
pimeää
85%
väsymättä
85%
kipinöitä
81%
tietä
81%
valaisemaan
81%
tuuleen
78%
niinku
71%
isi
70%
onko
70%
äidin
69%
taivaassa
69%
liepeisiin
68%
poika
68%
puhuttiin
68%
käy
67%
nyt
67%
häviää
66%
Herätys
66%
uni
65%
jossa
63%
portaikossa
63%
enempää
61%
et
61%
muista
61%
elämän
60%
kumpi
60%
kysyvän
60%
naisen
60%
tahtoi
60%
tämän
60%
meistä
59%
naurat
59%
ääniä
58%
asemalta
58%
ja
58%
junan
58%
katukäytävän
58%
kuulet
58%
lähtevän
58%
lamppua
56%
neljätoista
56%
kauan
53%
nää
53%
seinän
53%
takaa
53%
ollut
52%
tyhjillään
52%
sitä
51%
ilma
50%
kyyhkynen
50%
olkapäällä
50%
vaikket
50%
hengittää
49%
kyky
49%
sinä
49%
maa
48%
yläkerta
48%
hämärään
47%
kirjeet
46%
pinoutuvat
46%
huohottava
45%
huudot
45%
olet
45%
kohoaa
44%
lasten
44%
ihme
42%
tuli
42%
pysäkin
41%
sade
41%
sisäpihan
41%
sittenkin
41%
suuri
41%
hautoo
40%
pölyyn
40%
tulvana
40%
yli
40%
rajuilmaa
31%
Ehtoja vastaavia visoja ei löytynyt
Tulosjakauma
Jokaisen tuloksen saaneiden osuus
Persentiili vastausten määrän mukaan
Tuloshistoriasi
Et ole pelannut tätä visaa